Szczegóły MARC21

Erec /

003 -Nazwa inst., której nr kontr. jest w polu 001 [,]
    • @
    • Nazwa instytucji, której n kontrolny jest w polu 001
    • NUKAT
005 -DATA I CZAS OSTATNIEJ MODYFIKACJI [,]
    • @
    • pole kontrolne
    • 20241231095514.0
020 -Międzynarod. znormalizowany nr książki - ISBN [ , ]
    • a
    • Numer ISBN
    • 3484200626 Find
    • q
    • Dopowiedzenie
    • geb. Ausg.
020 -Międzynarod. znormalizowany nr książki - ISBN [ , ]
    • a
    • Numer ISBN
    • 3484200634 Find
    • q
    • Dopowiedzenie
    • kart. Ausg.
040 -Instytucja sporządzająca opis [ , ]
    • a
    • Instytucja, która sporządziła opis (NP)
    • WR 194/DA
    • c
    • Instytucja, która sporządziła rekord (NP)
    • WR 194/DAs
    • d
    • Instytucja, która zmodyfikowała rekord (P)
    • WR 194/JW
942 -Rodzaj dokumentu [ , ]
    • c
    • Rodzaj dokumentu
    • Książka
100 -Hasło główne - nazwa osobowa [0, ]
    • a
    • Nazwa osobowa (NP)
    • Hartmann von Aue
    • d
    • Daty biograficzne (NP)
    • (około 1160-około 1210).
    • 9
    • KHW
    • 237242
240 -Tytuł ujednolicony [1,0]
    • a
    • Tytuł ujednolicony
    • Erec
    • l
    • Język tekstu
    • (śrwniem.)
    • 9
    • KHW
    • 463383
245 -Strefa tytułu i oznaczenia odpowiedzialności [1,0]
    • a
    • Tytuł
    • Erec / Find
    • c
    • Pozostałe elementy strefy tytułu i oznaczenia odpowiedzialności (NP)
    • von Hartman von Aue ; hrsg. von Albert Leitzmann.
250 -Strefa wydania [ , ]
    • a
    • Oznaczenie wydania (NP)
    • 5. Aufl. /
    • b
    • Ciąg dalszy strefy wydania (NP)
    • besorgt von Ludwig Wolff.
260 -Strefa adresu wydawniczego [ , ]
    • a
    • Miejsce wydania (P)
    • Tübingen :
    • b
    • Nazwa wydawcy (P)
    • Max Niemeyer Verlag,
    • c
    • Data wydania (P)
    • 1972.
300 -Strefa opisu fizycznego [ , ]
    • a
    • Określenie formy książki i/lub objętość (NP)
    • XLII, 262 s. ;
    • c
    • Format (NP)
    • 19 cm.
336 -Typ zawartości [ , ]
    • a
    • Termin opisujący typ zawartości
    • Tekst
    • b
    • Kod określający zawartość
    • txt
    • 2
    • Źródło (terminu i kodu)
    • rdacontent
337 -Typ mediów [ , ]
    • a
    • Tryb odtwarzania
    • Bez urządzenia pośredniczącego
    • b
    • Kod typu mediów
    • n
    • 2
    • Źródło (terminu i kodu)
    • rdamedia
338 -Typ/rodzaj nośnika [ , ]
    • a
    • Hasło opisujące typ nośnika
    • Wolumin
    • b
    • Kod typu nośnika
    • nc
    • 2
    • Źródło (terminu i kodu)
    • rdacarrier
380 -Deskryptor - Forma dzieła (P) [ , ]
    • a
    • forma dzieła (NP)
    • Poezja
386 -Deskryptor - przynależność kulturowa (P) [ , ]
    • m
    • Wyrażenie wprowadzające (NP)
    • Przynależność kulturowa
    • a
    • Przynależność kulturowa (NP)
    • Literatura niemiecka
388 -Deskryptor - czas powstania dzieła (P) [1, ]
    • a
    • Czas powstania dzieła (NP)
    • 1101-1200
490 -Strefa serii i książki wielotomowej - forma nie do wyszukiwania [1, ]
    • a
    • Tytuł (P)
    • Altdeutsche Textbibliothek ; Find
    • v
    • Numeracja (P)
    • Nr. 39
830 -Hasło dodatkowe serii i opisu książki wielotomowej - tytuł ujednolicony/tytuł [ ,0]
    • a
    • Tytuł ujednolicony/tytuł (NP)
    • Altdeutsche Textbibliothek
    • x
    • ISSN
    • 0342-6661
    • v
    • Oznaczenie tomu (NP)
    • 39
    • 9
    • KHW
    • 646768
080 -Uniwersalna Klasyfikacja Dziesiętna [ , ]
    • a
    • Symbol klasyfikacji
    • 830-13=30
080 -Uniwersalna Klasyfikacja Dziesiętna [ , ]
    • a
    • Symbol klasyfikacji
    • +830(091)"116/121"=30
655 -Hasło w funkcji tematu formalnego [ ,7]
    • a
    • Hasło
    • Legendy arturiańskie
    • 2
    • Źródło terminu
    • DBN
    • 9
    • KHW
    • 602431
655 -Hasło w funkcji tematu formalnego [ ,7]
    • a
    • Hasło
    • Wiersze
    • 2
    • Źródło terminu
    • DBN
    • 9
    • KHW
    • 721208
980 -Symbol UKD [ , ]
    • a
    • UKD
    • 830-13+830(091)"116/121"]=30
700 -Hasło dodatkowe - nazwa osobowa [1, ]
    • a
    • Nazwa osobowa (NP)
    • Leitzmann, Albert Find
    • d
    • Daty biograficzne (NP)
    • (1867-1950).
    • e
    • Określenie rodzaju współpracy
    • Red.
    • 9
    • KHW
    • 528340
700 -Hasło dodatkowe - nazwa osobowa [1, ]
    • a
    • Nazwa osobowa (NP)
    • Wolff, Ludwig Find
    • d
    • Daty biograficzne (NP)
    • (1892-1975).
    • e
    • Określenie rodzaju współpracy
    • Red.
    • 9
    • KHW
    • 257594
710 -Hasło dodatkowe - nazwa ciała zbiorowego [2, ]
    • a
    • Nazwa ciała zbiorowego lub nazwa geograficzna jako pierwszy element (NP)
    • Max Niemeyer Verlag.
    • 4
    • Kod relacji
    • pbl
    • 9
    • KHW
    • 60393
920 -ISBN [ , ]
    • a
    • ISBN
    • 3-484-20062-6 Find
    • q
    • Dopowiedzenie
    • geb. Ausg.
920 -ISBN [ , ]
    • a
    • ISBN
    • 3-484-20063-4 Find
    • q
    • Dopowiedzenie
    • kart. Ausg.
Sygnatura Data inwentaryzacji Lokalizacja Numer inwentarzowy Status udost.
Germ. Poezja2000-06-16BMG.6444-3